GIS means business / (Record no. 14829)

MARC details
000 -LEADER
fixed length control field 01254cam a22003377a 4500
001 - CONTROL NUMBER
control field 13714672
003 - CONTROL NUMBER IDENTIFIER
control field mut
005 - DATE AND TIME OF LATEST TRANSACTION
control field 20240606081321.0
008 - FIXED-LENGTH DATA ELEMENTS--GENERAL INFORMATION
fixed length control field 040909s2002 caua b 000 | eng
010 ## - LIBRARY OF CONGRESS CONTROL NUMBER
LC control number 2004400235
020 ## - INTERNATIONAL STANDARD BOOK NUMBER
International Standard Book Number 1589480333
040 ## - CATALOGING SOURCE
Original cataloging agency DLC
Transcribing agency mut
Modifying agency DLC
050 00 - LIBRARY OF CONGRESS CALL NUMBER
Classification number HD30.213
Item number .B69 2002
082 00 - DEWEY DECIMAL CLASSIFICATION NUMBER
Classification number 658/.05
Edition information 22
100 1# - MAIN ENTRY--PERSONAL NAME
Personal name Boyles, David.
245 10 - TITLE STATEMENT
Title GIS means business /
260 ## - PUBLICATION, DISTRIBUTION, ETC.
Place of publication, distribution, etc. Redlands, Calif. :
Name of publisher, distributor, etc. ESRI Press,
Date of publication, distribution, etc. 2002.
300 ## - PHYSICAL DESCRIPTION
Extent xii, 161 p. :
Other physical details col. ill., col. maps ;
Dimensions 19 x 23 cm.
500 ## - GENERAL NOTE
General note "Volume two."
500 ## - GENERAL NOTE
General note Vol. [1] has title: ArcView GIS means business.
504 ## - BIBLIOGRAPHY, ETC. NOTE
Bibliography, etc. note Includes bibliographical references.
650 #0 - SUBJECT ADDED ENTRY--TOPICAL TERM
Topical term or geographic name entry element Decision support systems.
650 #0 - SUBJECT ADDED ENTRY--TOPICAL TERM
Topical term or geographic name entry element Geographic information systems.
650 #0 - SUBJECT ADDED ENTRY--TOPICAL TERM
Topical term or geographic name entry element Business
General subdivision Research
-- Data processing.
700 1# - ADDED ENTRY--PERSONAL NAME
Personal name Harder, Christian.
Title of a work ArcView GIS means business.
856 42 - ELECTRONIC LOCATION AND ACCESS
Materials specified Publisher description
Uniform Resource Identifier <a href="http://www.loc.gov/catdir/enhancements/fy0715/2004400235-d.html">http://www.loc.gov/catdir/enhancements/fy0715/2004400235-d.html</a>
856 42 - ELECTRONIC LOCATION AND ACCESS
Materials specified Contributor biographical information
Uniform Resource Identifier <a href="http://www.loc.gov/catdir/enhancements/fy0915/2004400235-b.html">http://www.loc.gov/catdir/enhancements/fy0915/2004400235-b.html</a>
906 ## - LOCAL DATA ELEMENT F, LDF (RLIN)
a 7
b cbc
c orignew
d 2
e ncip
f 20
g y-gencatlg
942 ## - ADDED ENTRY ELEMENTS (KOHA)
Source of classification or shelving scheme Library of Congress Classification
Koha item type Books
Holdings
Withdrawn status Lost status Source of classification or shelving scheme Damaged status Not for loan Home library Current library Shelving location Date acquired Source of acquisition Total checkouts Full call number Barcode Date last seen Price effective from Koha item type
    Library of Congress Classification     Murang'a University of Technology Library Murang'a University of Technology Library General stacks 04/12/2017 Donation-TFC   HD30.213 .B69 2002 017013 30/08/2024 04/12/2017 Books